• 首页
  • 本馆介绍
  • 公告通知
  • 最新文献
  • 馆藏检索
  • 电子资源
  • 读者导购
  • 参考咨询
  • 我的图书馆
  • 登录
  • 详细信息显示
  • 放入我的书架
  • 预约/预借图书
  • 作者相关作品
  • 分类相关作品
  • 丛书相关作品
  • 出版社相关作品

书目信息

  • 表格格式
  • 工作单格式
  • 卡片格式
题名:
西晋风云
    
 
作者: 孙峰 著
分册: 卷三  
出版信息: 北京   中国文史出版社  2019
页数: 298页
开本: 24cm
丛书名:
单 册:
中图分类: K237.109
科图分类:
主题词: 古代史--gu dai shi--中国--西晋时代--通俗读物
电子资源:
ISBN: 978-7-5205-1065-3
000 01227nam0 2200253 450
001 2159241430
005 20210930164259.48
010    @a978-7-5205-1065-3@dCNY53.00
100    @a20190710d2019 em y0chiy50 ea
101 0  @achi
102    @aCN@b110000
105    @aa z 000yy
106    @ar
200 1  @a西晋风云@Axi jin feng yun@h卷三@f孙峰著
210    @a北京@c中国文史出版社@d2019
215    @a298页@c图@d24cm
300    @a认认真真讲历史
314    @a孙峰,河南南阳人,长期致力于细说历史,天涯人气作家。
330    @a本书是系列丛书《认认真真讲历史》之一,是西晋部分第三卷。本丛书是一系列讲历史读物,目前收编南北朝卷六册、三国卷两卷、隋唐卷九册、东晋卷五册、西晋卷三册、五代十国卷两册,全面、客观记录南北朝、三国和隋唐、两晋和五代十国的历史。西晋部分共三卷,从西晋王朝的最初奠基人司马懿写起,详细描述了司马懿司马师、司马昭父子三人在曹操时代、曹丕时代、曹芳时代、曹髦时代、曹奂时代逐渐夺权的过程,并最终夺取了曹魏政权,由司马炎建立了西晋王朝。详细地描写了诸葛亮的五次北伐,司马懿平定辽东,直至司马懿发动的高平陵之变,司
606 0  @a古代史@Agu dai shi@y中国@z西晋时代@j通俗读物
690    @aK237.109@v5
701  0 @a孙峰@Asun feng@4著
801  0 @aCN@b百万庄@c20210926
905    @b1298932-35@dK237.109@e139:3@f4
    
    西晋风云.卷三/孙峰著.-北京:中国文史出版社,2019
    298页:图;24cm
    认认真真讲历史
    
    ISBN 978-7-5205-1065-3:CNY53.00
    本书是系列丛书《认认真真讲历史》之一,是西晋部分第三卷。本丛书是一系列讲历史读物,目前收编南北朝卷六册、三国卷两卷、隋唐卷九册、东晋卷五册、西晋卷三册、五代十国卷两册,全面、客观记录南北朝、三国和隋唐、两晋和五代十国的历史。西晋部分共三卷,从西晋王朝的最初奠基人司马懿写起,详细描述了司马懿司马师、司马昭父子三人在曹操时代、曹丕时代、曹芳时代、曹髦时代、曹奂时代逐渐夺权的过程,并最终夺取了曹魏政权,由司马炎建立了西晋王朝。详细地描写了诸葛亮的五次北伐,司马懿平定辽东,直至司马懿发动的高平陵之变,司
●
相关链接 在E读中查询图书 在五车中查询图书 在当当中查询图书 在豆瓣中查询图书


正题名:西晋风云     索取号:K237.109/139:3         预约/预借

序号 登录号 条形码 馆藏地/架位号 状态 备注
1 1298932   212989328   第二样本阅览室/ [索取号:K237.109/139:3] 在馆    
2 1298933   212989337   第二借阅区/ [索取号:K237.109/139:3] 在馆    
3 1298934   212989346   第二借阅区/ [索取号:K237.109/139:3] 在馆    
4 1298935   212989355   第二借阅区/ [索取号:K237.109/139:3] 在馆    
唐山师范学院图书馆 欢迎您!
大连网信软件有限公司© 版权所有